000 00830nam a2200229 a 4500
001 BRCA_141
005 20190320202910.0
008 051005s2000----mx-a---###---#000-0#spa-d
050 4 _aF1211.H9
_b.L44 2000
245 1 0 _aHumboldt en la Ciudad de México
_cTextos Jorge Legorreta y Raquel Dávila.
260 _aMéxico
_bGobierno del Distrito Federal, Delegación Cuauhtémoc
_c2000
300 _a48 p.
_bil. a color
_c27 cm.
500 _aIncluye índice de imágenes
504 _aBibliografía: p. 48
600 1 4 _aHumboldt, Alexander N. Freiherr von
_d1769-1859
_9550
650 1 4 _aViajeros alemanes
_ySiglo XIX
_9551
651 4 _aCiudad de México
_xEdificios y monumentos
_ySiglo XIX
_9552
653 0 _aViajeros extranjeros en México
700 1 _aLegorreta, Jorge
_9553
700 1 _aDávila, Raquel
_9554
942 _2lcc
_cB
999 _c122
_d122